Statistics for NBA teams's state

Click here to take the quiz!

General Stats

  • This quiz has been taken 34 times
    (32 since last reset)
  • The average score is 19 of 21

Answer Stats

HintAnswer% Correct
Knicks
Nets
New York
97%
Warriors
Lakers
Clippers
Kings
California
94%
Heat
Magic
Florida
94%
PacersIndiana
94%
TimberwolvesMinnesota
94%
CavaliersOhio
94%
Spurs
Mavs
Rockets
Texas
94%
JazzUtah
94%
SunsArizona
91%
HornetsNorth Carolina
91%
HawksGeorgia
88%
PistonsMichigan
88%
ThunderOklahoma
88%
76ersPennsylvania
88%
NuggetsColorado
84%
BullsIllinois
84%
PelicansLouisiana
84%
CelticsMassachusetts
84%
Trail BlazersOregon
84%
BucksWisconsin
78%
GrizzliesTennessee
75%

Score Distribution

Percentile by Number Answered

Percent of People with Each Score

Your Score History

You have not taken this quiz since the last reset